Сборник задач по теплофикации и тепловым сетям: учебное пособие

Bibliographische Detailangaben
1. Verfasser: Сафонов А. П. Александр Петрович
Sprache:Russisch
Veröffentlicht: Москва, Энергоатомиздат, 1985
Ausgabe:3-е изд., перераб.
Schlagworte:
Format: MixedMaterials Buch
KOHA link:https://koha.lib.tpu.ru/cgi-bin/koha/opac-detail.pl?biblionumber=34061

MARC

LEADER 00000nam0a2200000 4500
001 34061
005 20231030223458.0
035 |a (RuTPU)RU\TPU\book\34438 
035 |a BOOK00001089 
090 |a 34061 
100 |a 20011210d1985 m y0rusy50 ca 
101 0 |a rus 
102 |a RU 
105 |a a j 001zy 
200 1 |a Сборник задач по теплофикации и тепловым сетям  |e учебное пособие  |f А. П. Сафонов 
205 |a 3-е изд., перераб. 
210 |a Москва  |c Энергоатомиздат  |d 1985 
215 |a 232 с.  |c ил. 
451 1 |0 (RuTPU)RU\TPU\book\55722  |t Сборник задач по теплофикации и тепловым сетям  |o учебное пособие  |f А. П. Сафонов  |e 2-е изд., перераб.  |c М.  |n Энергия  |d 1968  |p 239 с.  |a Сафонов, Александр Петрович 
610 1 |a теплоснабжение 
610 1 |a источники 
610 1 |a теплофикация 
610 1 |a тепловые сети 
610 1 |a расчеты 
610 1 |a примеры 
610 1 |a решения 
610 1 |a учебные пособия 
675 |a 621.186.2(075.8)  |v 3 
700 1 |a Сафонов  |b А. П.  |g Александр Петрович 
801 0 |a RU  |b 63413507  |c 20011210  |g PSBO 
801 2 |a RU  |b 63413507  |c 20210122  |g PSBO 
900 |a Теплофикация и теплосети 
900 |a Источники и системы теплоснабжения промпредприятий 
900 |a Энергоснабжение промышленных предприятий 
942 |c BK